000
00291nam a2200109Ia 4500
008
201231s9999 xx 000 0 und d
100
_a
Faltinsen O. M.
245
0
_a
Sea Loads on Ships and Offshore Structures
260
_a
Cambridge
_b
Cambridge University Press
300
_a
328
942
_c
BK
999
_c
9124
_d
9124